• 首页
  • 本馆介绍
  • 公告通知
  • 最新文献
  • 馆藏检索
  • 电子资源
  • 读者荐购
  • 参考咨询
  • CALIS
  • 我的图书馆
  • 登录
  • 详细信息显示
  • 放入我的书架
  • 预约/预借图书
  • 作者相关作品
  • 分类相关作品
  • 丛书相关作品
  • 出版社相关作品

书目信息

  • 表格格式
  • 工作单格式
  • 卡片格式
题名:
迈向主管之路
    
 
作者: 章汉成 编著
分册:  
出版信息: 北京   经济管理出版社  2004.04
页数: 162页
开本: 21cm
丛书名:
单 册:
中图分类: F272.91
科图分类:
主题词: 企业领导学--qi ye ling dao xue
电子资源:
ISBN: 7-80162-903-5
 
 
 
 
 
000 00728nam0 2200217 450
001 0169921805
005 20050901045626.81
010    @a7-80162-903-5@dCNY16.00
100    @a20050414d2004 km y0chiy0120 ea
101 0  @achi
102    @aCN@b110000
105    @ay z 000yy
200 1  @a迈向主管之路@Amai xiang zhu guan zhi lu@f章汉成编著@Fzhang han cheng bian zhu
210    @a北京@c经济管理出版社@d2004.04
215    @a162页@d21cm
330    @a本书所述话题有几十个;编分为:你是一个好主管吗,当好主管应具有的素质,站稳马步、迈向主管之路等三部分。
606 0  @a企业领导学@Aqi ye ling dao xue
690    @aF272.91@v4
701  0 @a章汉成@Azhang han cheng@4编著
801  0 @aCN@bQSSK@c20050901
905    @a10447@dF272.91@eZ263
    
    迈向主管之路/章汉成编著.-北京:经济管理出版社,2004.04
    162页;21cm
    
    
    ISBN 7-80162-903-5:CNY16.00
    本书所述话题有几十个;编分为:你是一个好主管吗,当好主管应具有的素质,站稳马步、迈向主管之路等三部分。
●
相关链接 在E读中查询图书 在当当中查询图书 在豆瓣中查询图书


正题名:迈向主管之路     索取号:F272.91/Z263         预约/预借

序号 登录号 条形码 馆藏地/架位号 状态 备注
1 566720   205667205   社科二线422/409社科库 89排3列2层/ [索取号:F272.91/Z263] 在馆    
2 566721   205667214   社科库409/409社科库 89排3列2层/ [索取号:F272.91/Z263] 在馆    
3 566722   205667223   社科二线422/422社科库 2排2列1层/ [索取号:F272.91/Z263] 在馆    
河南城建学院图书馆 欢迎您!
大连网信软件有限公司© 版权所有